Statistics for Languages of the British Isles

Click here to take the quiz!

General Stats

  • This quiz has been taken 71 times
  • The average score is 6 of 7

Answer Stats

Answer% Correct
English
100%
Welsh
94%
Irish
88%
Scottish Gaelic
81%
Cornish
73%
Scots
61%
Ulster Gaelic
55%

Score Distribution

Percentile by Number Answered

Percent of People with Each Score

Your Score History

You have not taken this quiz